000
00310nam a2200133 a 4500
005
20140414093842.0
008
090108s19uu xx uuu eng d
050
_a
DVD 791.43
_b
Mul 2004
245
_a
Mulan II.
650
_a
Motion pictures.
650
_a
Animated films.
942
_c
AVM
999
_c
109368
_d
109368